00650nam a2200181 450000500170000001000150001702000250003203500140005703700130007108200080008410000280009224501190012026000340023927001240027330000210039770000320041870000180045020220824115739.0 aENG-134590 c90.00a9789385829642 aEN-118122 bDBAD/PUB a483 aKasarla, Shivani Pujala aA Text for the development of English VocabularycShivani Pujala Kasarla, ed. by Prakasam V. and S.D. Shubha Reddy aTelanganabEMESCO BOOKSc2016 a1-2-7, Banoo colony, gagan mahal road, Domalguda bHyderabade500029k040-23264028l040-23264028memescobooks@yahoo.com a160p.c22cm(pbk) aCacciamali maria cristina  aRodgers Gerry